00318nam a2200157Ia 4500003000900000008004100009040001300050040001300063041000800076245002000084250000900104260000900113300000800122490000600130710002400136IT-RoPAU120407s9999 xx 000 0 und d aIT-RoPAU cIT-RoPAU aita aAgenda Paolina. aRoma c1987 c cm v1 aSocietà San Paolo